Carregant...
Political economy of industrialisation: from self-reliance to globalisation /
| Autor principal: | |
|---|---|
| Format: | Printed Book |
| Publicat: |
New Delhi
Sage
1994
|
| Matèries: |
| LEADER | 00524cam a2200157ua 4500 | ||
|---|---|---|---|
| 020 | |a 81-7036-333-0 | ||
| 082 | |a 338.954 |b DAL/P | ||
| 100 | 0 | |a Dalip S. Swamy | |
| 245 | 0 | 0 | |a Political economy of industrialisation: from self-reliance to globalisation / |
| 260 | |a New Delhi |b Sage |c 1994 | ||
| 300 | |a 292p. | ||
| 650 | |a Political economy- Industrialisation | ||
| 650 | |a Economics | ||
| 942 | |c BK | ||
| 999 | |c 3114 |d 3114 | ||
| 952 | |0 0 |1 0 |4 0 |6 338_954000000000000_DALP |7 0 |9 3260 |a KUCL |b KUCL |d 2014-05-23 |l 0 |o 338.954 DAL/P |p 06244 |r 2014-05-23 |y BK | ||